| LEADER 00000nam 2200000uu 4500 |
| 001 209025 |
| 003 ULIBM |
| 008 130716s2556||||th 000 0 tha d |
| 040 ^abcnkk.
|
| 041 0 ^atha.
|
| 050 0 HV1559.T5 ร451 2556
|
| 245 00 ^aรายงานฉบับสมบูรณ์ สถานการณ์คนพิการในสังคมไทย : การวิเคราะห์ข้อมูล การสำรวจความพิการและทุพพลภาพของสำนักงานสถิติแห่งชาติ ปี พ.ศ.2545 และ 2550/^cโดยภูษิต ประคองสาย...[และคนอื่นๆ].
|
| 260 ^aนนทบุรี:^bสำนักงานพัฒนานโยบายสุขภาพระหว่างประเทศ,^c2556.
|
| 300 ^a136 หน้า:^bภาพประกอบ.
|
| 650 0 ^aคนพิการ--^xไทย--^yการดูแล.
|
| 650 0 ^aคนพิการ--^xการวิเคราะห์.
|
| 650 0 ^aคนพิการ--^xการสำรวจ.
|
| 700 0 ^aภูษิต ประคองสาย.
|
| 710 1 ^aกระทรวงสาธารณสุข.^bสำนักงานพัฒนานโยบายสุขภาพระหว่างประเทศ.
|
| 999 ^aใช้งานได้ทุกระบบ
|